[Event "Festival Jean-Claude Loubatière - Master"]
[Site "Montpellier"]
[Date "2006.07.08"]
[Round "1.1"]
[White "Dussol, Pierre"]
[Black "Hamdouchi, Hichem"]
[Result "0-1"]
[WhiteElo "2261"]
[BlackElo "2579"]
[PlyCount "44"]
[EventDate "2006.??.??"]

1. d4 d5 2. c4 c6 3. Nf3 Nf6 4. e3 e6 5. Nc3 Nbd7 6. Qc2 Bd6 7. g4 dxc4 8. g5
Nd5 9. Bxc4 e5 10. dxe5 Nxe5 11. Nxe5 Bxe5 12. Qe4 Qxg5 13. f4 $2 (13. Nxd5)
13... Nxc3 $1 14. bxc3 Qh4+ 15. Kd1 f6 16. Bd2 g6 17. Be1 Qh5+ 18. Be2 Bg4 19.
Bxg4 Qxg4+ 20. Kc2 O-O-O 21. Bd2 Rhe8 22. Qc4 Rxd2+ 0-1

[Event "Festival Jean-Claude Loubatière - Master"]
[Site "Montpellier"]
[Date "2006.07.08"]
[Round "1.2"]
[White "Conquest, Stuart"]
[Black "Abello, Sebastien"]
[Result "1-0"]
[WhiteElo "2534"]
[BlackElo "2249"]
[PlyCount "83"]
[EventDate "2006.??.??"]

1. d4 Nf6 2. c4 c5 3. d5 b5 4. cxb5 a6 5. bxa6 g6 6. Nc3 Bxa6 7. g3 Bg7 8. Bg2
d6 9. Rb1 Nbd7 10. Nh3 Qa5 11. O-O O-O 12. Bd2 Rfb8 13. Qc1 Ng4 14. Re1 Nde5
15. Rd1 Bc8 16. Be1 Bf5 17. e4 Bc8 18. f3 Nf6 19. Nf2 Ba6 20. h3 Nfd7 21. f4
Nc4 22. b3 Ncb6 23. a4 Nc8 24. Kh2 Qc7 25. Qc2 Nf6 26. Na2 Nb6 27. Nb4 Bb7 28.
Nc6 Bxc6 29. dxc6 Nh5 30. Ng4 Rd8 31. a5 Nc8 32. b4 cxb4 33. Rxb4 Qxa5 34. c7
Rf8 35. e5 Ra7 36. exd6 exd6 37. Rc4 Qa2 38. Bf2 Ra3 39. Bb7 Qxc2 40. Rxc2 f5
41. Ne5 Nf6 42. Nc4 1-0

[Event "Festival Jean-Claude Loubatière - Master"]
[Site "Montpellier"]
[Date "2006.07.08"]
[Round "1.3"]
[White "Guerin, Gilles"]
[Black "Hebden, Mark"]
[Result "0-1"]
[WhiteElo "2238"]
[BlackElo "2532"]
[PlyCount "38"]
[EventDate "2006.??.??"]

1. e4 e5 2. f4 exf4 3. d4 Qh4+ 4. Ke2 d5 5. Nf3 Bg4 6. Qd3 Nf6 7. exd5 Bd6 8.
c4 O-O 9. Nc3 Re8+ 10. Kd1 Qh5 11. Be2 Na6 12. a3 c6 13. c5 Bxc5 14. dxc6 Rad8
15. Bxf4 Bxd4 16. c7 Rd7 17. Nxd4 Nc5 18. Qd2 Bxe2+ 19. Ke1 Nd3+ 0-1

[Event "Festival Jean-Claude Loubatière - Master"]
[Site "Montpellier"]
[Date "2006.07.08"]
[Round "1.4"]
[White "Kosten, Anthony C"]
[Black "Ouakhir, Mehdi"]
[Result "1-0"]
[WhiteElo "2530"]
[BlackElo "2238"]
[PlyCount "57"]
[EventDate "2006.??.??"]

1. c4 e6 2. Nf3 d5 3. g3 Nf6 4. Bg2 c6 5. b3 Bd6 6. Bb2 Nbd7 7. d4 O-O 8. O-O
Qe7 9. Nbd2 Re8 10. Re1 Ba3 11. Bxa3 Qxa3 12. e4 Nxe4 13. Nxe4 dxe4 14. Rxe4 a5
15. Qd2 Qb4 16. Qxb4 axb4 17. Ne1 c5 18. Nc2 Rd8 19. Ree1 cxd4 20. Nxd4 Nc5 21.
Nc2 Ra6 22. Nxb4 Rad6 23. Bf3 Kf8 24. Rad1 Ke7 25. Nd5+ Kf8 26. Nb6 Rxd1 27.
Rxd1 Ke7 28. b4 Nd7 29. c5 1-0

[Event "Festival Jean-Claude Loubatière - Master"]
[Site "Montpellier"]
[Date "2006.07.08"]
[Round "1.6"]
[White "Dziuba, Marcin"]
[Black "Happel, Hendrik A"]
[Result "1-0"]
[WhiteElo "2511"]
[BlackElo "2227"]
[PlyCount "65"]
[EventDate "2006.??.??"]

1. d4 Nf6 2. c4 e6 3. Nf3 b6 4. a3 Ba6 5. e3 d5 6. Nbd2 Be7 7. b3 O-O 8. Bd3
Nbd7 9. Bb2 c5 10. O-O Rc8 11. Qe2 Bb7 12. Rac1 Rc7 13. cxd5 exd5 14. Rfd1 Qa8
15. Ne5 Rd8 16. f4 Ne4 17. Nxe4 dxe4 18. Bc4 Nxe5 19. dxe5 Bd5 20. f5 Bxc4 21.
bxc4 Qc6 22. f6 Rxd1+ 23. Rxd1 gxf6 24. Qg4+ Kf8 25. Qf5 Qa4 26. Rf1 Qc2 27.
Qxh7 Ke8 28. exf6 Qxb2 29. fxe7 Rxe7 30. Qg8+ Kd7 31. Rd1+ Kc6 32. Qa8+ Rb7 33.
Qe8+ 1-0

[Event "Festival Jean-Claude Loubatière - Master"]
[Site "Montpellier"]
[Date "2006.07.08"]
[Round "1.7"]
[White "Fantin, Ludwig"]
[Black "Savchenko, Stanislav"]
[Result "0-1"]
[WhiteElo "2226"]
[BlackElo "2508"]
[PlyCount "54"]
[EventDate "2006.??.??"]

1. e4 c5 2. Nf3 d6 3. d4 cxd4 4. Nxd4 Nf6 5. Nc3 a6 6. Be3 e5 7. Nb3 Be6 8. f3
Nbd7 9. Qd2 Be7 10. O-O-O O-O 11. g4 Qc7 12. Kb1 b5 13. g5 Nh5 14. Qf2 b4 15.
Nd5 Bxd5 16. exd5 a5 17. Nd2 a4 18. Qh4 Nf4 19. Bxf4 exf4 20. Bd3 g6 21. Ne4 b3
22. cxb3 axb3 23. axb3 Rfb8 24. Bc4 Ne5 25. Nf6+ Bxf6 26. gxf6 Nxc4 27. Rd3
Rxb3 0-1

[Event "Festival Jean-Claude Loubatière - Master"]
[Site "Montpellier"]
[Date "2006.07.08"]
[Round "1.8"]
[White "Prie, Eric"]
[Black "Kludacz, Magdalena"]
[Result "1-0"]
[WhiteElo "2507"]
[BlackElo "2221"]
[PlyCount "85"]
[EventDate "2006.??.??"]

1. d4 d5 2. Nf3 c6 3. Bf4 Nf6 4. e3 Bf5 5. c4 e6 6. Nc3 Be7 7. Qb3 Qb6 8. c5
Qxb3 9. axb3 Nbd7 10. h3 O-O 11. b4 a6 12. Nd2 Rfe8 13. Nb3 Bf8 14. Kd2 e5 15.
Bh2 g6 16. Bd3 Bxd3 17. Kxd3 Bg7 18. Rhe1 h6 19. Na5 Ra7 20. Na4 Nh7 21. f3
Nhf8 22. e4 dxe4+ 23. Rxe4 f5 24. Re2 Rd8 25. Kc4 f4 26. Rae1 g5 27. dxe5 Nxe5+
28. Rxe5 Bxe5 29. Rxe5 Rd2 30. Bg1 Kf7 31. Bd4 Nd7 32. Re1 Rc2+ 33. Kd3 Rxg2
34. Nb6 Nf6 35. Nc8 Ra8 36. Nd6+ Kg6 37. Re6 Rf8 38. Nac4 Rh2 39. Bxf6 Rxf6 40.
Ne5+ Kg7 41. Rxf6 Rxb2 42. Rf7+ Kh8 43. Nf5 1-0

[Event "Festival Jean-Claude Loubatière - Master"]
[Site "Montpellier"]
[Date "2006.07.08"]
[Round "1.10"]
[White "Czakon, Jakub"]
[Black "Palleja, Xavier"]
[Result "0-1"]
[WhiteElo "2484"]
[BlackElo "2206"]
[PlyCount "112"]
[EventDate "2006.??.??"]

1. d4 Nf6 2. c4 c5 3. d5 e6 4. Nc3 exd5 5. cxd5 d6 6. e4 g6 7. Nf3 Bg7 8. Be2
O-O 9. O-O Bg4 10. Bf4 Bxf3 11. Bxf3 Qe7 12. e5 dxe5 13. d6 Qd7 14. Bxe5 Nc6
15. Bxc6 Qxc6 16. Qd3 Rad8 17. Rad1 Rd7 18. Rfe1 Rfd8 19. Qe2 Ne8 20. Nd5 Bxe5
21. Qxe5 Qxd6 22. Qc3 b6 23. g3 Qxd5 24. Rxd5 Rxd5 25. Re7 Nd6 26. Rxa7 $4 Nb5
27. Qb3 Nxa7 28. Qxb6 Nc8 29. Qc7 Kf8 30. a4 Ne7 31. a5 Ra8 32. Kg2 c4 33. Qxc4
Rdxa5 34. b4 Ra4 35. Qc3 Rb8 36. Qh8+ Ng8 37. Qxh7 Raxb4 38. h4 R8b5 39. Qh8
Rc5 40. Qa1 Rcb5 41. Qc3 Rb2 42. g4 Re2 43. Qc8+ Kg7 44. Qc3+ f6 45. Qc7+ Ne7
46. Kg3 Rb3+ 47. f3 Ree3 48. Kg2 Rbc3 49. Qa7 Kf7 50. Qa2+ Rb3 51. f4 Nd5 52.
Qa7+ Re7 53. Qd4 Rd3 54. Qa4 Rd2+ 55. Kf1 Rb7 56. Qe4 Rb4 0-1

[Event "Festival Jean-Claude Loubatière - Master"]
[Site "Montpellier"]
[Date "2006.07.08"]
[Round "1.11"]
[White "Ringoir, Tanguy"]
[Black "Libiszewski, Fabien"]
[Result "0-1"]
[WhiteElo "2201"]
[BlackElo "2482"]
[PlyCount "60"]
[EventDate "2006.??.??"]

1. e4 e6 2. d4 d5 3. Nd2 a6 4. Ngf3 Nf6 5. e5 Nfd7 6. c3 c5 7. Bd3 Nc6 8. b3 g6
9. O-O Bg7 10. Re1 O-O 11. Bb2 f6 12. exf6 Qxf6 13. Qe2 e5 14. dxe5 Ndxe5 15.
Nxe5 Nxe5 16. c4 Qxf2+ 17. Qxf2 Rxf2 18. Bxe5 Rxd2 19. Bf1 Bf5 20. Bxg7 Kxg7
21. Re7+ Kf6 22. Rxb7 d4 23. Rxh7 d3 24. Rc7 Rd8 25. Rxc5 Rc2 26. Rd1 d2 27.
Be2 Rc1 28. Kf2 Bc2 29. Rf1 Rxf1+ 30. Kxf1 Bd3 0-1

[Event "Festival Jean-Claude Loubatière - Master"]
[Site "Montpellier"]
[Date "2006.07.08"]
[Round "1.18"]
[White "Guidarelli, Laurent"]
[Black "Guennoun, Anthony"]
[Result "0-1"]
[WhiteElo "2437"]
[BlackElo "2159"]
[PlyCount "80"]
[EventDate "2006.??.??"]

1. d4 d5 2. Nf3 Nf6 3. c4 c6 4. Nc3 dxc4 5. e4 b5 6. e5 Nd5 7. a4 h6 8. axb5
Nxc3 9. bxc3 cxb5 10. Nd2 Be6 11. Be2 Bd5 12. Bf3 e6 13. Ne4 Nc6 14. O-O Be7
15. Re1 O-O 16. Bh5 f5 17. exf6 Bxf6 18. Qg4 Kh8 19. Re3 e5 20. Bg6 exd4 21.
Rh3 Ne5 22. Qh5 Nxg6 23. Bxh6 Bxe4 24. Bxg7+ Kg8 25. Qh7+ Kf7 26. Bh6+ Ke8 27.
Re1 Qe7 28. Bxf8 Qxh7 29. Rxe4+ Kxf8 30. Rxh7 Re8 31. Rxe8+ Kxe8 32. cxd4 Bxd4
33. Kf1 b4 34. Ke2 b3 35. Rb7 Nf4+ 36. Kd1 Bb6 37. Kd2 Nd5 38. h4 c3+ 39. Kd3
c2 40. Kd2 Nb4 0-1

[Event "Festival Jean-Claude Loubatière - Master"]
[Site "Montpellier"]
[Date "2006.07.09"]
[Round "2.1"]
[White "Hamdouchi, Hichem"]
[Black "Grabarczyk, Miroslaw"]
[Result "1/2-1/2"]
[WhiteElo "2579"]
[BlackElo "2451"]
[PlyCount "92"]
[EventDate "2006.??.??"]

1. e4 e5 2. Nf3 Nc6 3. d4 exd4 4. Nxd4 Bc5 5. Be3 Qf6 6. c3 Nge7 7. g3 d5 8.
Bg2 Nxd4 9. cxd4 Bb4+ 10. Nc3 Bxc3+ 11. bxc3 dxe4 12. Bxe4 O-O 13. O-O c6 14.
a4 Bf5 15. Bg2 Nd5 16. Bd2 Qe6 17. a5 Qd7 18. Re1 Rfe8 19. Qb3 h6 20. c4 Nf6
21. Be3 Ng4 22. d5 Be4 23. Bd4 Bxg2 24. Kxg2 cxd5 25. cxd5 Rxe1 26. Rxe1 Rd8
27. Qf3 Nf6 28. Bxf6 gxf6 29. Rd1 Qe7 30. Rd4 Qe5 31. Qd3 Qd6 32. Qc4 Kh7 33.
Kf1 f5 34. Qd3 Kg7 35. f4 Qf6 36. Qe3 Rd7 37. Kg2 h5 38. Rd2 b6 39. axb6 axb6
40. Qe5 b5 41. Qe2 b4 42. Qxh5 b3 43. Qg5+ Qxg5 44. fxg5 f6 45. g6 Kxg6 46. Kf3
b2 1/2-1/2

[Event "Festival Jean-Claude Loubatière - Master"]
[Site "Montpellier"]
[Date "2006.07.09"]
[Round "2.2"]
[White "Cornette, Matthieu"]
[Black "Conquest, Stuart"]
[Result "1-0"]
[WhiteElo "2447"]
[BlackElo "2534"]
[PlyCount "65"]
[EventDate "2006.??.??"]

1. e4 c5 2. Nf3 e6 3. Nc3 Nc6 4. d4 cxd4 5. Nxd4 Qc7 6. Be3 a6 7. Bd3 Nf6 8.
O-O h5 9. h3 b5 10. Nxc6 Qxc6 11. Be2 Qc7 12. Bd4 Bd6 13. Re1 Bb7 14. Bf3 Bh2+
15. Kh1 Be5 16. Nd5 Qd6 17. Bc3 Ng4 18. Bxg4 hxg4 19. Bb4 Qc6 20. Qxg4 d6 21.
f4 Bxb2 22. Rad1 Kf8 23. Ne3 Rd8 24. e5 Kg8 25. Bxd6 Rh6 26. f5 Rc8 27. Qg3 Kh8
28. Rf1 Rg8 29. fxe6 fxe6 30. Rf4 Qe8 31. Ng4 Qh5 32. Kh2 Rg6 33. Rb1 1-0

[Event "Festival Jean-Claude Loubatière - Master"]
[Site "Montpellier"]
[Date "2006.07.09"]
[Round "2.3"]
[White "Hebden, Mark"]
[Black "Trent, Lawrence"]
[Result "1/2-1/2"]
[WhiteElo "2532"]
[BlackElo "2434"]
[PlyCount "114"]
[EventDate "2006.??.??"]

1. d4 Nf6 2. Nf3 d6 3. Nc3 Bf5 4. Nh4 Bd7 5. e4 e5 6. Nf3 exd4 7. Nxd4 Nc6 8.
g3 Bg4 9. Nxc6 Bxd1 10. Nxd8 Bf3 11. Nxb7 Bxh1 12. Bb5+ Nd7 13. Bc6 Rc8 14. Be3
Bf3 15. Bxa7 h5 16. Kd2 Be7 17. Bd4 Bg5+ 18. Be3 Bxe3+ 19. Kxe3 Bg4 20. Nd5 Kf8
21. Na5 Ne5 22. Bb7 Rb8 23. f4 Nc4+ 24. Nxc4 Rxb7 25. Kd4 h4 26. Nde3 Bd7 27.
g4 h3 28. b3 g6 29. g5 Rh4 30. Rf1 Be6 31. Nb2 Rb8 32. c4 Re8 33. Na4 Bd7 34.
Nc3 c6 35. Kd3 Bc8 36. Ke2 f5 37. Kf3 Rh7 38. Rd1 fxe4+ 39. Kg3 Rd8 40. b4 Rhd7
41. a4 d5 42. cxd5 cxd5 43. Rxd5 Rxd5 44. Ncxd5 Be6 45. Nf6 Rd3 46. Kf2 Rd4 47.
f5 gxf5 48. Nh5 Rxb4 49. Nf4 Bd7 50. Nxh3 Rb2+ 51. Kg3 Re2 52. Nd5 Ra2 53. Nhf4
Ra3+ 54. Kh4 e3 55. g6 Rxa4 56. Kg5 Re4 57. Nc3 Rxf4 1/2-1/2

[Event "Festival Jean-Claude Loubatière - Master"]
[Site "Montpellier"]
[Date "2006.07.09"]
[Round "2.4"]
[White "Hanley, Craig"]
[Black "Kosten, Anthony C"]
[Result "1/2-1/2"]
[WhiteElo "2419"]
[BlackElo "2530"]
[PlyCount "99"]
[EventDate "2006.??.??"]

1. d4 d5 2. Nf3 c5 3. c4 e6 4. cxd5 exd5 5. g3 Nc6 6. Bg2 c4 7. O-O Bb4 8. b3
cxb3 9. Qxb3 Nge7 10. Ba3 a5 11. Nc3 O-O 12. Rfc1 Bf5 13. e3 h6 14. Ne1 Kh8 15.
Nc2 Bxc3 16. Qxc3 b5 17. Bc5 b4 18. Qd2 Be4 19. Ne1 Re8 20. Nd3 Ng6 21. f3 Bf5
22. Nf2 Rb8 23. e4 Be6 24. e5 b3 25. Rab1 bxa2 26. Qxa2 Nb4 27. Qd2 Bf5 28. Rb2
Nc6 29. Bd6 Rxb2 30. Qxb2 Qa8 31. f4 Nce7 32. Qa2 Be6 33. Rc7 Rc8 34. Rxc8+
Qxc8 35. Bc5 Qd8 36. Nd1 Nc6 37. Ne3 Nge7 38. g4 g6 39. Bh3 h5 40. Qf2 hxg4 41.
Qh4+ Kg8 42. Bxg4 Nf5 43. Qxd8+ Nxd8 44. Bxf5 gxf5 45. Kf2 Nc6 46. Ke2 f6 47.
Kd3 Kf7 48. Nc2 Bc8 49. Ne3 Be6 50. Nc2 1/2-1/2

[Event "Festival Jean-Claude Loubatière - Master"]
[Site "Montpellier"]
[Date "2006.07.09"]
[Round "2.5"]
[White "Jedynak, Radoslaw"]
[Black "Wirig, Anthony"]
[Result "1-0"]
[WhiteElo "2519"]
[BlackElo "2429"]
[PlyCount "69"]
[EventDate "2006.??.??"]

1. e4 c5 2. c3 Nf6 3. e5 Nd5 4. d4 cxd4 5. Nf3 e6 6. cxd4 d6 7. Bc4 Nb6 8. Bd3
dxe5 9. Nxe5 Nc6 10. Nxc6 bxc6 11. Qg4 Nd5 12. O-O Nb4 13. Rd1 Nxd3 14. Rxd3
Ba6 15. Rh3 Rb8 16. Nc3 Rb4 17. Be3 Rxb2 18. Qe4 Bb7 19. Rxh7 c5 20. d5 Rxh7
21. Qxh7 Qf6 22. Qd3 Qf5 23. Qd1 Bd6 24. Qa4+ Ke7 25. dxe6 fxe6 26. Qh4+ Kf7
27. Rd1 Rb4 28. f4 Be7 29. Rd7 Rb1+ 30. Kf2 Rb2+ 31. Ke1 Rb4 32. Kf2 Rb2+ 33.
Ke1 Rb1+ 34. Nd1 Rxd1+ 35. Kxd1 1-0

[Event "Festival Jean-Claude Loubatière - Master"]
[Site "Montpellier"]
[Date "2006.07.09"]
[Round "2.6"]
[White "Etchegaray, Patrice"]
[Black "Dziuba, Marcin"]
[Result "0-1"]
[WhiteElo "2385"]
[BlackElo "2511"]
[PlyCount "84"]
[EventDate "2006.??.??"]

1. e4 c5 2. c3 Nf6 3. e5 Nd5 4. d4 cxd4 5. Nf3 e6 6. cxd4 b6 7. Nc3 Nxc3 8.
bxc3 Qc7 9. Bd2 d6 10. Bd3 Nd7 11. O-O dxe5 12. Ng5 Bb7 13. Qh5 g6 14. Qh3 Be7
15. Rfe1 Qd8 16. Nxe6 fxe6 17. Bxg6+ hxg6 18. Qxh8+ Bf8 19. Qh7 Qf6 20. Rxe5
Bd5 21. Rg5 Qf7 22. Qxg6 Nf6 23. f3 Bd6 24. Qd3 Rc8 25. Re1 Bc4 26. Qc2 Ke7 27.
Bc1 b5 28. a4 a6 29. axb5 axb5 30. Qb1 Nd5 31. Rxd5 Bxd5 32. Qxb5 Qh5 33. f4
Rg8 34. Re2 Rb8 35. Qa6 Rb1 36. Re1 Qg4 37. Qf1 Kd7 38. c4 Bb7 39. d5 exd5 40.
cxd5 Bxd5 41. Kh1 Bxf4 42. Bd2 Rb2 0-1

[Event "Festival Jean-Claude Loubatière - Master"]
[Site "Montpellier"]
[Date "2006.07.09"]
[Round "2.9"]
[White "Gajewski, Grzegorz"]
[Black "Argandona Rivero, Inigo"]
[Result "0-1"]
[WhiteElo "2504"]
[BlackElo "2366"]
[PlyCount "56"]
[EventDate "2006.??.??"]

1. d4 d5 2. c4 dxc4 3. Nf3 a6 4. a4 Nc6 5. e3 Na5 6. Nbd2 Be6 7. Ng5 Bd5 8. e4
e6 9. h4 h6 10. exd5 hxg5 11. dxe6 Bb4 12. Qg4 Nf6 13. Qxg5 Qxd4 14. Be2 O-O-O
15. O-O Bxd2 16. Bxd2 Qxd2 17. e7 Rd5 18. Qxg7 Qh6 19. Qxf7 Qxh4 20. Qf8+ Ne8
21. Bg4+ Kb8 22. Bh3 Rg5 23. f4 Rgg8 24. Qf5 Qxh3 25. Qxh3 Rxh3 26. Rad1 Rhg3
27. Rd8+ Ka7 28. Rf2 Re3 0-1

[Event "Festival Jean-Claude Loubatière - Master"]
[Site "Montpellier"]
[Date "2006.07.09"]
[Round "2.13"]
[White "Weill, Roland"]
[Black "Bricard, Emmanuel"]
[Result "1-0"]
[WhiteElo "2273"]
[BlackElo "2469"]
[PlyCount "53"]
[EventDate "2006.??.??"]

1. Nf3 g6 2. e4 Bg7 3. d4 d6 4. Nc3 Nf6 5. Be2 O-O 6. O-O e6 7. Re1 Nc6 8. Be3
h6 9. h3 Ne7 10. Qd2 Kh7 11. Rad1 b6 12. e5 Nfd5 13. Ne4 Nxe3 14. Qxe3 Bb7 15.
Qf4 Nd5 16. Qg4 Qd7 17. c4 f5 18. exf6 Nxf6 19. Nxf6+ Rxf6 20. d5 Qf7 21. Bd3
exd5 22. cxd5 Re8 23. Nh4 Rxe1+ 24. Rxe1 Qxd5 25. Bxg6+ Kg8 26. Re8+ Rf8 27.
Be4 1-0

[Event "Festival Jean-Claude Loubatière - Master"]
[Site "Montpellier"]
[Date "2006.07.09"]
[Round "2.14"]
[White "Handke, Florian"]
[Black "Palleja, Xavier"]
[Result "0-1"]
[WhiteElo "2458"]
[BlackElo "2206"]
[PlyCount "52"]
[EventDate "2006.??.??"]

1. d4 Nf6 2. Nf3 c5 3. d5 e6 4. Nc3 exd5 5. Nxd5 Nxd5 6. Qxd5 d6 7. e4 Nc6 8.
Ng5 Qc7 9. Bc4 Ne5 10. Bb3 h6 11. f4 hxg5 12. fxe5 Be6 13. Qd2 Bxb3 14. axb3
Be7 15. e6 fxe6 16. Qe2 Qc6 17. O-O Rh4 18. e5 O-O-O 19. Rf7 Qe8 20. Rxg7 Qh8
21. exd6 Bxd6 22. Qxe6+ Kb8 23. Bxg5 Bxh2+ 24. Kf1 Qxg7 25. Bxh4 Rf8+ 26. Ke1
Qxg2 0-1

[Event "Festival Jean-Claude Loubatière - Master"]
[Site "Montpellier"]
[Date "2006.07.10"]
[Round "3.2"]
[White "Dziuba, Marcin"]
[Black "Flear, Glenn C"]
[Result "1-0"]
[WhiteElo "2511"]
[BlackElo "2474"]
[PlyCount "97"]
[EventDate "2006.??.??"]

1. d4 d5 2. c4 c6 3. Nc3 Nf6 4. e3 e6 5. Nf3 Nbd7 6. Qc2 Bd6 7. b3 O-O 8. Bb2
e5 9. cxd5 cxd5 10. Nb5 Bb4+ 11. Bc3 Bxc3+ 12. Nxc3 e4 13. Nd2 Re8 14. Be2 Nf8
15. h3 Bd7 16. O-O Rc8 17. Rfc1 Re6 18. Qb2 Rec6 19. Bd1 Ng6 20. Nf1 h5 21. Ne2
h4 22. Rxc6 Rxc6 23. Rc1 Qc8 24. Rxc6 Qxc6 25. Qa3 a6 26. Qb4 b6 27. Nd2 a5 28.
Qa3 Ne8 29. Qb2 Nc7 30. Nc3 f5 31. b4 axb4 32. Qxb4 f4 33. Ba4 b5 34. Bb3 fxe3
35. fxe3 Kh7 36. Nf1 Be6 37. a4 bxa4 38. Bxa4 Qa8 39. Qc5 Qd8 40. Nxe4 Kg8 41.
Nc3 Ne7 42. Bb3 Kf7 43. Nd2 Na6 44. Qa3 Qb6 45. Nf3 Nb4 46. Na4 Qb5 47. Nc5 Bc8
48. Qb2 Kf8 49. Qf2 1-0

[Event "Festival Jean-Claude Loubatière - Master"]
[Site "Montpellier"]
[Date "2006.07.10"]
[Round "3.3"]
[White "Argandona Rivero, Inigo"]
[Black "Savchenko, Stanislav"]
[Result "1/2-1/2"]
[WhiteElo "2366"]
[BlackElo "2508"]
[PlyCount "50"]
[EventDate "2006.??.??"]

1. d4 d5 2. Bg5 h6 3. Bh4 c6 4. e3 Qb6 5. Nd2 Bf5 6. Ngf3 e6 7. Qc1 Be7 8. Bxe7
Nxe7 9. Be2 Nd7 10. O-O O-O 11. c4 a5 12. b3 Rfd8 13. c5 Qc7 14. a3 b6 15. b4
axb4 16. axb4 bxc5 17. bxc5 e5 18. Nxe5 Nxe5 19. dxe5 Qxe5 20. Nf3 Qf6 21. Nd4
Be4 22. Rxa8 Rxa8 23. Qb2 Nf5 24. Ra1 Rxa1+ 25. Qxa1 Nxd4 1/2-1/2

[Event "Festival Jean-Claude Loubatière - Master"]
[Site "Montpellier"]
[Date "2006.07.10"]
[Round "3.4"]
[White "Prie, Eric"]
[Black "Cornette, Matthieu"]
[Result "1/2-1/2"]
[WhiteElo "2507"]
[BlackElo "2447"]
[PlyCount "94"]
[EventDate "2006.??.??"]

1. d4 Nf6 2. Nf3 g6 3. Bf4 Bg7 4. e3 O-O 5. Be2 c5 6. c3 d6 7. dxc5 dxc5 8. Na3
Nc6 9. O-O Nh5 10. Bg5 h6 11. Bh4 Be6 12. Nd2 Nf6 13. Nb3 g5 14. Bg3 Ne4 15.
Qc2 Bf5 16. Bd3 Nxg3 17. Rfd1 Bxd3 18. Rxd3 Qc8 19. hxg3 b6 20. Qe2 Qa6 21. Rd2
Qxe2 22. Rxe2 Rfd8 23. Rd2 Rxd2 24. Nxd2 Ne5 25. Ndc4 Nxc4 26. Nxc4 b5 27. Na5
Rd8 28. Nc6 Rd2 29. Rb1 e6 30. Nxa7 b4 31. Nb5 bxc3 32. Nxc3 Bxc3 33. bxc3 Rxa2
34. Rb5 g4 35. Rxc5 Ra1+ 36. Kh2 Ra2 37. Rc4 h5 38. Rc5 f5 39. e4 Rxf2 40. exf5
exf5 41. Kg1 Rc2 42. Rxf5 Rxc3 43. Rxh5 Rxg3 44. Kf2 Ra3 45. Rg5+ Kf7 46. Rxg4
Kf6 47. g3 Ra8 1/2-1/2

[Event "Festival Jean-Claude Loubatière - Master"]
[Site "Montpellier"]
[Date "2006.07.10"]
[Round "3.5"]
[White "Palleja, Xavier"]
[Black "Libiszewski, Fabien"]
[Result "0-1"]
[WhiteElo "2206"]
[BlackElo "2482"]
[PlyCount "60"]
[EventDate "2006.??.??"]

1. e4 e6 2. d4 d5 3. e5 c5 4. c3 Nc6 5. Nf3 Qb6 6. a3 Nh6 7. b4 cxb4 8. cxb4
Nf5 9. Be3 f6 10. b5 Nxe3 11. fxe3 Na5 12. Bd3 Bd7 13. Nbd2 Be7 14. Qe2 Rc8 15.
O-O f5 16. g4 O-O 17. gxf5 exf5 18. Ne1 f4 19. Ng2 fxe3 20. Qxe3 Nc4 21. Rxf8+
Bxf8 22. Bxc4 dxc4 23. a4 c3 24. Ne4 c2 25. Rc1 Bf5 26. Ng3 Be6 27. Nf4 Ba3 28.
Nxe6 Bxc1 29. Qb3 Be3+ 30. Kg2 c1=Q 0-1

[Event "Festival Jean-Claude Loubatière - Master"]
[Site "Montpellier"]
[Date "2006.07.10"]
[Round "3.6"]
[White "Kosten, Anthony C"]
[Black "Weill, Roland"]
[Result "1-0"]
[WhiteElo "2530"]
[BlackElo "2273"]
[PlyCount "95"]
[EventDate "2006.??.??"]

1. c4 d6 2. Nc3 e5 3. g3 g6 4. Bg2 Bg7 5. e3 Nf6 6. Nge2 O-O 7. O-O Re8 8. d3
Nc6 9. h3 Be6 10. Nd5 Qd7 11. Kh2 Nd8 12. f4 Bxd5 13. cxd5 e4 14. Nc3 exd3 15.
Qxd3 c5 16. Bd2 a6 17. a3 b5 18. b4 Nb7 19. Rae1 a5 20. Nxb5 axb4 21. axb4 Ra2
22. Re2 Rb2 23. Bc3 Rb3 24. Qc4 Na5 25. bxa5 Qxb5 26. Qxb5 Rxb5 27. Rc1 Rb3 28.
Ra2 Rxe3 29. a6 Re8 30. Bf1 Nd7 31. Bc4 Rxc3 32. Rxc3 Bxc3 33. Bb5 Ra8 34. Bxd7
Ra7 35. Bc8 Bd4 36. Bb7 Kf8 37. Re2 Bf6 38. Kg2 Be7 39. Kf3 Ke8 40. g4 h6 41.
Ke4 Kd8 42. Kd3 Bf6 43. Kc4 Kd7 44. Kb5 Bd8 45. Re4 Kc7 46. Re8 Kd7 47. Bc6+
Kc8 48. Rxd8+ 1-0

[Event "Festival Jean-Claude Loubatière - Master"]
[Site "Montpellier"]
[Date "2006.07.10"]
[Round "3.7"]
[White "Trent, Lawrence"]
[Black "Hamdouchi, Hichem"]
[Result "0-1"]
[WhiteElo "2434"]
[BlackElo "2579"]
[PlyCount "86"]
[EventDate "2006.??.??"]

1. e4 c5 2. Na3 a6 3. c3 e6 4. f4 b5 5. d3 Bb7 6. Qe2 Nf6 7. e5 Nd5 8. Nf3 d6
9. exd6 Bxd6 10. g3 b4 11. Nc4 bxc3 12. Bg2 Be7 13. O-O O-O 14. Nfe5 Nc6 15.
Nxc6 Bxc6 16. Ne5 Bb7 17. Qe1 cxb2 18. Bxb2 Rb8 19. Rb1 Ba8 20. Qf2 Rb5 21. Ba1
f6 22. Nc4 Nc7 23. Rbd1 Bxg2 24. Qxg2 Qd5 25. Qh3 Rd8 26. Rfe1 Bf8 27. Bc3 Re8
28. Ba5 Rxa5 29. Nxa5 c4 30. Nxc4 Bc5+ 31. Ne3 Bd4 32. Rc1 Qf3 33. Rxc7 Bxe3+
34. Rxe3 Qxe3+ 35. Kh1 Qe1+ 36. Kg2 Qe2+ 37. Kg1 Rb8 38. Qf1 Qxa2 39. Rc1 a5
40. f5 e5 41. Qf3 h6 42. Rf1 a4 43. Rf2 Qb3 0-1

[Event "Festival Jean-Claude Loubatière - Master"]
[Site "Montpellier"]
[Date "2006.07.10"]
[Round "3.18"]
[White "Fantin, Ludwig"]
[Black "Etchegaray, Patrice"]
[Result "1-0"]
[WhiteElo "2226"]
[BlackElo "2385"]
[PlyCount "69"]
[EventDate "2006.??.??"]

1. e4 c5 2. Nf3 Nc6 3. d4 cxd4 4. Nxd4 Nf6 5. Nc3 e5 6. Ndb5 d6 7. Bg5 a6 8.
Na3 b5 9. Bxf6 gxf6 10. Nd5 Bg7 11. c3 f5 12. exf5 Bxf5 13. Nc2 O-O 14. Nce3
Bd7 15. Bd3 f5 16. Bc2 b4 17. O-O e4 18. f4 bxc3 19. bxc3 Qa5 20. Rb1 Ra7 21.
Kh1 Kh8 22. Qh5 Be6 23. Bb3 Qc5 24. Rbe1 Na5 25. c4 Nxb3 26. axb3 a5 27. g4
fxg4 28. f5 Bf7 29. Qxg4 Bxd5 30. Nxd5 Be5 31. f6 a4 32. Ne7 Bxf6 33. Rxf6 Raa8
34. Rxf8+ Rxf8 35. Rg1 1-0

[Event "Festival Jean-Claude Loubatière - Master"]
[Site "Montpellier"]
[Date "2006.07.10"]
[Round "3.26"]
[White "Sandu, Mihaela"]
[Black "Schoucair, Henry"]
[Result "1-0"]
[WhiteElo "2213"]
[BlackElo "2078"]
[PlyCount "53"]
[EventDate "2006.??.??"]

1. e4 e5 2. Nf3 Nf6 3. Nxe5 d6 4. Nf3 Nxe4 5. Nc3 Nxc3 6. dxc3 Be7 7. Bf4 Nd7
8. Qd2 Nc5 9. O-O-O O-O 10. h4 Be6 11. Kb1 Qd7 12. Nd4 Qa4 13. a3 Rfb8 14. Bb5
Qa5 15. Qe2 Bf6 16. g4 g6 17. g5 Bg7 18. h5 a6 19. Bc4 Re8 20. Nxe6 Nxe6 21.
Bxe6 Rxe6 22. Qf3 Qb6 23. hxg6 hxg6 24. Be3 c5 25. Rh7 d5 26. Rdh1 d4 27. Qh3
1-0

[Event "Festival Jean-Claude Loubatière - Master"]
[Site "Montpellier"]
[Date "2006.07.11"]
[Round "4.1"]
[White "Libiszewski, Fabien"]
[Black "Dziuba, Marcin"]
[Result "1/2-1/2"]
[WhiteElo "2482"]
[BlackElo "2511"]
[PlyCount "100"]
[EventDate "2006.??.??"]

1. e4 c6 2. d4 d5 3. e5 Bf5 4. Nf3 e6 5. a3 Nd7 6. Bd3 Ne7 7. O-O Bxd3 8. Qxd3
Nf5 9. Nbd2 h5 10. c4 Be7 11. b4 g5 12. cxd5 cxd5 13. Nb3 g4 14. Ne1 Nb6 15.
Bf4 Nc4 16. f3 Bg5 17. fxg4 hxg4 18. Na5 Bxf4 19. Rxf4 Nxa5 20. bxa5 Qxa5 21.
Rxg4 Rc8 22. Nf3 Rc3 23. Qd2 Qc7 24. h4 Rc2 25. Qe1 Qc4 26. Qb4 b6 27. Re1 Kd7
28. Kh2 Qxb4 29. axb4 a5 30. bxa5 bxa5 31. Ra1 Ra8 32. h5 a4 33. Nh4 Nh6 34.
Rg3 Kc6 35. Rga3 Kb5 36. Kh3 Kb4 37. g4 Rc3+ 38. Rxc3 Kxc3 39. g5 Ng8 40. h6
Ne7 41. h7 Rh8 42. Rxa4 Rxh7 43. Kg4 Ng6 44. Nf3 Kd3 45. Ra3+ Ke4 46. Ra1 Rg7
47. Re1+ Kd3 48. Rd1+ Ke2 49. Re1+ Kf2 50. Rh1 Ke3 1/2-1/2